00333nam a2200121Ia 4500008004100000041000800041082001200049100002100061245004500082260004400127300003100171365000900202240624s9999 xx 000 0 und d aeng a332 THA aTHALER RICHARD H aADVANCES IN BEHAVIORAL FINANCE VOLUME II c2005aNew YorkbRussell Sage Foundation axxi, : 712 : p. : cm. ; 23 cb28